| 000 | 00590nam a2200181 a 4500 | ||
|---|---|---|---|
| 005 | 20140412111342.0 | ||
| 008 | 040114s19uu xx 00 eng d | ||
| 020 | _a0-689-81581-6 | ||
| 050 |
_aTR(PS E _bWe37 1989 |
||
| 100 | _aRosen, Michael | ||
| 245 |
_aWe're going on a bear hunt / _cby Michael Rosen, Helen Oxenbury. |
||
| 260 |
_aNew York : _bLittle Simon, _c1989. |
||
| 300 | _a[33] p. ; ill. | ||
| 520 | _aThe tale of a brave family's joyous romp through sweeping landscapes is sure to win new fans. | ||
| 650 | _aOutdoor games | ||
| 650 | _aChildren stories | ||
| 999 |
_c105146 _d105146 |
||